书目信息 |
| 题名: |
休克尔分子轨道模型及其应用
|
|
| 作者: | 海尔布伦纳 , 博克 著 ;王宗睦 , 陈荫遗 译 | |
| 分册: | 第一卷 基础和操作 | |
| 出版信息: | 北京 科学出版社 1982 |
|
| 页数: | 514页 | |
| 开本: | 21cm | |
| 丛书名: | ||
| 单 册: | ||
| 中图分类: | O641.12 | |
| 科图分类: | ||
| 主题词: | 休克尔分子轨道--应用 | |
| 电子资源: | ||
| ISBN: | ||
| 000 | 00986nam0 2200289 45 | |
| 001 | 0182005178 | |
| 005 | 20060811082646.79 | |
| 010 | @dCNY3.05 | |
| 091 | @a13031.1946 | |
| 100 | @a19950728f1982 em y0chiy0121 ea | |
| 101 | 1 | @achi@beng@cger |
| 102 | @aCN@b110000 | |
| 105 | @ay z 000yy | |
| 200 | 10 | @a休克尔分子轨道模型及其应用@Axiu ke er fen zi gui dao mo xing ji qi ying yong@h第一卷@i基础和操作@f(瑞士)E·海尔布伦纳,(西德)H·博克著@F(rui shi)E·hai er bu lun na,(xi de)H·bo ke zhu@g王宗睦,陈荫遗译 |
| 210 | @a北京@c科学出版社@d1982 | |
| 215 | @a514页@d21cm | |
| 510 | 1 | @aThe HMO Model and its Application@zeng |
| 517 | 1 | @a基础和操作@Aji chu he cao zuo |
| 606 | @a休克尔分子轨道@x应用 | |
| 690 | @aO641.12@v3 | |
| 701 | 0 | @a海尔布伦纳@Ahai er bu lun na@4著 |
| 701 | 0 | @a博克@Abo ke@4著 |
| 702 | 0 | @a王宗睦@Awang zong mu@4译 |
| 702 | 0 | @a陈荫遗@Achen yin yi@4译 |
| 801 | 2 | @aCN@bNLC@c20060811 |
| 801 | 0 | @aCN@b上海图书馆@c20060731 |
| 905 | @dO641.12@e14:1 | |
| 休克尔分子轨道模型及其应用.第一卷.基础和操作/(瑞士)E·海尔布伦纳,(西德)H·博克著/王宗睦,陈荫遗译.-北京:科学出版社,1982 |
| 514页;21cm |
| ISBN :CNY3.05 |
| ● |
| 相关链接 |
|
|
|
|
正题名:休克尔分子轨道模型及其应用
索取号:O641.12/14:1
 
预约/预借
| 序号 | 登录号 | 条形码 | 馆藏地/架位号 | 状态 | 备注 |
| 1 | 0158013 | 000347672 | 第三借阅区/ [索取号:O641.12/14:1] | 在馆 | |
| 2 | 0158014 | 202104819 | 第二样本阅览室/ [索取号:O641.12/14:1] | 在馆 | |
| 3 | 0432577 | 204325774 | 密集书库/ [索取号:O641.12/14:1] | 在馆 | |
| 4 | 0443135 | 204431356 | 密集书库/ [索取号:O641.12/14:1] | 在馆 | |
| 5 | 0443136 | 204431365 | 密集书库/ [索取号:O641.12/14:1] | 在馆 | |
| 6 | 0454067 | 204540675 | 密集书库/ [索取号:O641.12/14:1] | 在馆 |